Autá kniha so samolepkami

Bibliographic Details
Other Authors: Marsinová, Daniela (mladšia) (Translator)
Format: Photo
Language:Slovak
English
PhysicalDescription:8 s., [6] s. fareb. obr. príl. ilustr. 28 cm
Published: Bratislava Slovart 2005
ISBN:8080850070 (brož.)
Edition:1. slov. vyd.
Series:Zábavné čítanie
Subjects:

MARC

LEADER 00000nkm a2200000 a 4500
001 vtls008184579
003 SK-MaSNL
005 20260302060945.0
007 ku cuo
008 230706s2005 xo a a 000 0 slo
015 |a SNBG2005/04-01032 
020 |a 8080850070 (brož.) 
035 |a 9C51B087-FFEB-4E41-A40F-6629C9524F95 
035 |a urn:nbn:sk:snk-km004ceu 
035 |a urn:nbn:sk:snk-kmtgn4 
040 |a SNK  |b slo  |c SNK  |e AACR2 
041 1 |a slo  |h eng 
044 |a xo 
072 7 |a 821-93  |x Literatúra pre deti a mládež  |2 konspekt 
072 7 |a 629  |x Dopravné prostriedky  |2 konspekt 
080 |a (0.029.2)  |2 1997 
080 |a (0.053.2)  |2 1997 
080 |a 629.331  |2 1997 
130 0 |a Car sticker book  |l Slovensky  |9 719212 
245 1 0 |a Autá  |h grafika  |b kniha so samolepkami  |c [z anglického originálu preložila Daniela Marsinová ml.] 
250 |a 1. slov. vyd. 
260 |a Bratislava  |b Slovart  |c 2005 
300 |a 8 s., [6] s. fareb. obr. príl.  |b ilustr.  |c 28 cm 
490 1 |a Zábavné čítanie 
500 |a Názov z obalu 
521 |a Pre deti do 6 rokov je kniha určená na čítanie spolu s rodičmi 
650 0 7 |a automobily  |2 SNKPH  |9 18879 
655 7 |a samolepky  |2 SNKPH  |9 79151 
655 7 |a publikácie pre deti  |2 SNKPH  |9 70148 
655 7 |a knižné hračky  |2 SNKPH  |9 301618 
700 1 |a Marsinová, Daniela  |c (mladšia)  |4 trl  |9 263420 
830 0 |a Zábavné čítanie  |9 439757 
852 |a Slovenská národná knižnica 
919 |a 80-8085-007-0 
958 |a GBN 
958 |a OND 
999 |c 1123349  |d 1125279 
952 |a SNK  |b SNK  |y PREZ  |7 0  |p 17A0476595  |o snkSB 70753  |i snk2005/12354  |8 0  |0 0  |1 0  |4 0  |d 2005-07-15  |l 0  |r 2025-04-22 00:00:00  |w 2026-02-24 
952 |a SNK  |b SNK  |y VYP  |7 0  |p 17A0476596  |o snkSB 70753 D1  |i snk2005/12355  |8 0  |0 0  |1 0  |4 0  |d 2005-07-15  |f 1  |l 0  |r 2016-06-30 00:00:00  |w 2026-02-24